Cincinnati Reds Managers by Picture - Statistics

General Stats
  • This quiz has been taken 32 times
  • The average score is 10 of 62
Answer Stats
Picture Hint Answer % Correct
1970-1978 Sparky Anderson
92%
2008-2013 Dusty Baker
83%
1984-1989 Pete Rose
83%
1993 Tony Pérez
75%
1990-1992 Lou Piniella
71%
2019-Present David Bell
67%
1993-1995 Davey Johnson
58%
1996-1997 | 2003 Ray Knight
50%
2001-2003 Bob Boone
38%
1979-1982 John McNamara
38%
2014-2018 Bryan Price
33%
1966-1969 Dave Bristol
33%
1959-1964 Fred Hutchinson
29%
1997-2000 Jack McKeon
29%
2018 Jim Riggleman
29%
1984 Vern Rapp
21%
1916-1918 Christy Mathewson
17%
1982-1983 Russ Nixon
17%
1989 Tommy Helms
17%
1938-1946 Bill McKechnie
13%
2003-2005 Dave Miley
13%
2005-2007 Jerry Narron
13%
1959 Mayo Smith
13%
2007 Pete Mackanin
13%
1952-1953 Rogers Hornsby
13%
1954-1958 Birdie Tebbetts
8%
1901-1902 Bid McPhee
4%
1895-1899 Buck Ewing
4%
1892-1894 Charles Comiskey
4%
1934-1937 Chuck Dressen
4%
1909-1911 Clark Griffith
4%
1964-1965 Dick Sisler
4%
1924-1929 Jack Hendricks
4%
1919-1923 Pat Moran
4%
1900 Bob Allen
0%
1937 Bobby Wallace
0%
1934 Bob O'Farrell
0%
1914-1916 Buck Herzog
0%
1948-1949 Bucky Walters
0%
1934 Burt Shotton
0%
1953 Buster Mills
0%
1930-1932 Dan Howley
0%
1966 Don Heffner
0%
1933 Donie Bush
0%
1952 Earle Brucker Sr.
0%
1902 Frank Bancroft
0%
1887-1889 Gus Schmelz
0%
1946 Hank Gowdy
0%
1912 Hank O'Day
0%
1918 Heinie Groh
0%
1916 Ivey Wingo
0%
1958 Jimmy Dykes
0%
1902-1905 Joe Kelley
0%
1913 Joe Tinker
0%
1908 John Ganzel
0%
1947-1948 Johnny Neun
0%
1949-1952 Luke Sewell
0%
1906-1907 Ned Hanlon
0%
1885-1886 O. P. Caylor
0%
1882-1884 Pop Snyder
0%
1890-1891 Tom Loftus
0%
1884 Will White
0%
No matching quizzes found
Score Distribution
Percent of People with Each Score
Percentile by Number Answered
Your Score History
You have not taken this quiz